00832nam a2200205 a 450000100100000000500170001000800410002704000250006805000220009309000180011510000440013324501020017726000660027930000280034550400420037365000540041591000320046995201100050199900150061100000601820200929151903.0851017s1968 pr a b s001 0 spa  aDO-SdBNPbspacBNPHU00aPQ6032b.G66 1968 a860.09bG643h1 aGonzález Mas, Ezequiel,d1919-91695410aHistoria de la literatura española :bépoca medieval, siglos X-XV /cEzequiel González Mas. aRio Piedras, Pueto Rico :bUniversidad de Puerto Rico,c1968. a358 p. :bil. ;c24 cm. aIncluye referencias bibliográficas. 4aLiteratura españolaxHistoria y crìtica93904 aCatalogación original/ LC 001052708MOaGRbGRcCTd2009-08-25iLF1l0o p6018-10r2020-06-25w2020-06-25y2ZPréstamo interno c5814d5814